Isaac González Martínez : (Record no. 113773)
[ view plain ]
| 000 -LEADER | |
|---|---|
| campo de control de longitud fija | 00659nam a2200193 4500 |
| 001 - NÚMERO DE CONTROL | |
| campo de control | 113773 |
| 003 - IDENTIFICADOR DE NÚMERO DE CONTROL | |
| campo de control | ES-MaACL |
| 005 - FECHA Y HORA DE LA ÚLTIMA TRANSACCIÓN | |
| campo de control | 20250814221146.0 |
| 007 - CAMPO FIJO DE DESCRIPCIÓN FÍSICA--INFORMACIÓN GENERAL | |
| campo de control de longitud fija | t| |
| 008 - DATOS DE LONGITUD FIJA--INFORMACIÓN GENERAL | |
| campo de control de longitud fija | 061121s1954 pr r ||||1| spa d |
| 100 1# - ENTRADA PRINCIPAL--NOMBRE DE PERSONA | |
| Nombre de persona | Pacheco Padró, Antonio. |
| 9 (RLIN) | 88137 |
| 245 10 - MENCIÓN DEL TÍTULO | |
| Título | Isaac González Martínez : |
| Resto del título | su vida y su obra / |
| Mención de responsabilidad, etc. | Antonio Pacheco Padró ; prólogo del Dr. Pablo Morales Otero. |
| 260 ## - PUBLICACIÓN, DISTRIBUCIÓN, ETC. | |
| Lugar de publicación, distribución, etc. | San Juan de Puerto Rico : |
| Nombre del editor, distribuidor, etc. | Montalvo, |
| Fecha de publicación, distribución, etc. | 1954. |
| 300 ## - DESCRIPCIÓN FÍSICA | |
| Extensión | 292 p., [8] h. de lám. ; |
| Dimensiones | 23 cm. |
| 600 14 - PUNTO DE ACCESO ADICIONAL DE MATERIA--NOMBRE DE PERSONA | |
| Nombre de persona | González Martínez, Isaac, |
| Fechas asociadas al nombre | 1871-1954 |
| 9 (RLIN) | 173386 |
| 700 1# - ENTRADA AGREGADA--NOMBRE PERSONAL | |
| Nombre de persona | Morales Otero, Pablo. |
| 9 (RLIN) | 83065 |
| 852 ## - LOCALIZACIÓN | |
| Ubicación | ES-MaACL |
| Número de control de estantería | C-9208 |
| Estatus retirado | Estado de pérdida | Estado de daño | No para préstamo | Biblioteca de origen | Biblioteca actual | Ubicación en estantería | Fecha de adquisición | Fuente de adquisición | Total de préstamos | Signatura topográfica completa | Código de barras | Visto por última vez | Precio de reemplazo | Tipo de ítem Koha |
|---|---|---|---|---|---|---|---|---|---|---|---|---|---|---|
| Biblioteca del Ateneo de Madrid | Biblioteca del Ateneo de Madrid | Sala Palomar | 17/01/2008 | C-9208 | 1118656 | 23/02/2023 | 23/02/2023 | Libro impreso |
